|
|
|
|
| LEADER |
00000nkm a2200000 a 4500 |
| 001 |
vtls011887938 |
| 003 |
SK-MaSNL |
| 005 |
20260512122427.0 |
| 007 |
kp ho |
| 008 |
230706q1901 xo g kuhun |
| 015 |
|
|
|a SNBG1901
|
| 035 |
|
|
|a urn:nbn:sk:snk-km00eey3
|
| 035 |
|
|
|a urn:nbn:sk:snk-km43e1y
|
| 035 |
|
|
|a B3EAE3A2-3762-4D22-881B-93F7ACB81098
|
| 040 |
|
|
|a SNK
|b slo
|c SNK
|e AACR2
|
| 041 |
0 |
|
|a hun
|
| 043 |
|
|
|a e-xo---
|
| 044 |
|
|
|a xo
|c SK
|
| 072 |
|
7 |
|a 913
|x Regionálna geografia
|2 konspekt
|
| 080 |
|
|
|a 913(437.6)
|2 2011
|
| 080 |
|
|
|a 728.81
|2 2011
|
| 080 |
|
|
|a 726:27-523.42
|2 2011
|
| 080 |
|
|
|a 355.711
|2 2011
|
| 080 |
|
|
|a 664.71
|2 2011
|
| 080 |
|
|
|a 911.2(23.0)
|2 2011
|
| 080 |
|
|
|a 234.372.4 (fyzickogeografická charakteristika)
|2 2011
|
| 080 |
|
|
|a 94(084.121)
|2 2011
|
| 245 |
0 |
0 |
|a Nyitra
|h grafika
|
| 260 |
|
|
|a Nyitra
|b Huszár István
|c [1901?]
|
| 300 |
|
|
|a 1 pohľadnica
|b kolorovaná
|c 10 x 14 cm
|
| 500 |
|
|
|a Názvové údaje prevzaté z obrazovej časti pohľadnice
|
| 520 |
8 |
|
|a Zobrazenie: Pohľad na mesto za diaľky. V popredí je lúka. Vľavo pod ňou vidno budovu kasární. Vpravo pred nimi sú mlyny. Vľavo v pozadí za kasárňami vidno piaristický kostol sv. Ladislava aj s kláštorom. Vpravo v pozadí je kostol navštívenia Panny Márie. Celkom vpravo v pozadí dominuje záberu Nitriansky hrad na kopci, uprostred s bazilikou sv. Emeráma. Za mestom sa týči pohorie Tribeč. V spodnej časti po celej šírke pohľadnice sa nachádza biely rámček na správu
|
| 610 |
2 |
7 |
|a Nitriansky hrad
|2 SNKKA
|9 165089
|
| 610 |
2 |
7 |
|a Bazilika sv. Emeráma (Nitra, Slovensko)
|2 SNKKA
|9 153204
|
| 610 |
2 |
7 |
|a Piaristický kostol sv. Ladislava (Nitra, Slovensko)
|2 SNKKA
|9 32678
|
| 610 |
2 |
7 |
|a Kostol Navštívenia Panny Márie (Nitra, Slovensko)
|2 SNKKA
|9 156884
|
| 650 |
0 |
7 |
|a hrady
|2 SNKPH
|9 3039
|
| 650 |
0 |
7 |
|a baziliky
|2 SNKPH
|9 54566
|
| 650 |
0 |
7 |
|a kostoly
|2 SNKPH
|9 3023
|
| 650 |
0 |
7 |
|a kasárne
|2 SNKPH
|9 29949
|
| 650 |
0 |
7 |
|a mlyny
|2 SNKPH
|9 29840
|
| 650 |
0 |
7 |
|a pohoria
|2 SNKPH
|9 44054
|
| 651 |
|
7 |
|a Nitra (Slovensko)
|2 SNKPHgeo
|9 15714
|
| 651 |
|
7 |
|a Tribeč (Slovensko : pohorie)
|2 SNKPHgeo
|9 164699
|
| 655 |
|
7 |
|a miestne pohľadnice
|2 SNKPH
|9 70510
|
| 655 |
|
7 |
|a historické pohľadnice
|2 SNKPH
|9 159703
|
| 752 |
|
|
|a Slovensko
|d Nitra
|
| 852 |
|
|
|a Slovenská národná knižnica
|
| 958 |
|
|
|a GBN
|
| 958 |
|
|
|a GC
|
| 958 |
|
|
|a ONDV
|
| 999 |
|
|
|c 604459
|d 606389
|
| 952 |
|
|
|a SNK
|b SNK
|y PREZ
|7 0
|p 17A1249598
|o snkSP 33210
|z Pohľadnica prešla poštou.
|0 0
|1 0
|4 0
|d 2019-09-18
|f 1
|l 0
|r 2026-02-23 16:04:55
|w 2026-02-23
|